Kĩ thuật sóng xentimet

Shranjeno v:
Bibliografske podrobnosti
Glavni avtor: G Gude
Format: Knjiga
Jezik:Undetermined
Izdano: Hà Nội KHKT 1974
Teme:
Oznake: Označite
Brez oznak, prvi označite!
Thư viện lưu trữ: Trung tâm Học liệu Trường Đại học Cần Thơ
LEADER 00548nam a2200169Ia 4500
001 CTU_14206
008 210402s9999 xx 000 0 und d
082 |a 621.3841 
082 |b G688 
100 |a G Gude 
245 0 |a Kĩ thuật sóng xentimet 
245 0 |c G Gude, P Sanvance; Dịch giả: Nguyễn Văn Ngọ, Đặng Minh Quyên 
260 |a Hà Nội 
260 |b KHKT 
260 |c 1974 
650 |a communication in engineering,electronic apparatus and appliance 
980 |a Trung tâm Học liệu Trường Đại học Cần Thơ